000 01555nam0a2200361 4500
001 RU\NLR\bibl\368930
005 20260407075916.0
010 _a5-09-011519-2
_95000
021 _aRU
_b2002-60779
_92948
035 _a(NLR Aleph) 000363485
090 _a350463
_c350463
100 _a20030211d2003 |||y0rusy50 ca
101 0 _arus
_aeng
_afre
_ager
_aspa
102 _aRU
105 _ay |||||||||
200 1 _aМатериалы для подготовки и проведения экзамена
_e9-й кл.
_eИностр. яз.
_fМ-во образования Рос. Федерации
_g[И. Л. Бим и др.]
210 _aМ.
_cПросвещение
_d2003
215 _a78,[1] с.
_d21
225 1 _aИтоговая аттестация выпускников
606 0 _aИностранные языки
_xЭкзамены выпускные
_92217636
_3RU\NLR\auth\661331815
610 0 _aИностранные языки - Успеваемость учащихся - Проверка
675 _a373.5.016:811'243
_v3
_zrus
686 _a14.23
_2rugasnti
686 _a74.268.1
_2rubbk
686 _aЧ426.17(2)-285
701 1 _4070
_7ca
_8rus
_aБим
_bИ. Л.
_f1926-2011
_gИнесса Львовна
_9110187
_3RU\NLR\AUTH\7785
712 0 1 _4570
_aРоссийская Федерация
_bМинистерство образования
_9280683
_3RU\NLR\AUTH\884572
801 0 _aRU
_bRKP
_c20030211
_gPSBO
801 1 _aRU
_bRKP
_c20030211
801 2 _aRU
_bNLR
_c20051116
_grcr
942 _cBOOK
980 _aNB